| 000 | 02049cam a22004574i 4500 | ||
|---|---|---|---|
| 003 | PE-LiUPU | ||
| 005 | 20250731172741.0 | ||
| 008 | 150617s r 000 0 d | ||
| 020 | _a8422012154 | ||
| 035 | _a(Sirsi) i9788422012153 | ||
| 040 |
_aPE-LiUPU _bspa _cPE-LiUPU _erda |
||
| 049 | _aPRUA | ||
| 082 | 0 | 4 |
_a239 _bO61 _221 |
| 100 | 1 |
_aOrbe, Antonio, _eautor. |
|
| 245 | 1 | 0 |
_aTeología de San Ireneo : _bcomentario del libro V del "Adversus haereses" / _cAntonio Orbe. |
| 264 | 1 |
_aMadrid : _bBiblioteca de Autores Cristianos, Estudio Teológico de San Ildefonso, _c1985. |
|
| 300 |
_a703 páginas ; _c24 centímetros. |
||
| 336 |
_atext _2rdacontent |
||
| 337 |
_aunmediated _2rdamedia |
||
| 338 |
_avolume _2rdacarrier |
||
| 490 | 0 |
_a(Biblioteca de Autores Cristianos ; _v25) |
|
| 505 | 0 | _aEl poder de Dios culmina en la flaqueza -- El Padre bueno y la "Salus carnis" -- El Creador puede dar vida a los cuerpos -- La resurrección de la carne según testimonios del apóstol -- La resurrección, en carne, de Cristo, garantía de la nuestra -- Las arras del Espíritu y los espirituales -- Exégesis de 1 Cor. 15,50: "La carne y la sangre no pueden heredar el reino de Dios" -- El acebuche y el buen olivo. EL injerto del Espíritu -- Obras de la carne y frutos del Espíritu -- Soplo de vida y Espíritu vivificante -- Los tres resucitados del evangelio -- Confirmación cristológica. El cuerpo y la sangre de Jesús. | |
| 526 | _aSEG42 | ||
| 526 | _aSEG41 | ||
| 526 | _aSEG40 | ||
| 526 | _aSEG39 | ||
| 526 | _aP94 | ||
| 526 | _aP87 | ||
| 526 | _aP86 | ||
| 526 | _aP85 | ||
| 526 | _aP77 | ||
| 526 | _aP76 | ||
| 526 | _aP35 | ||
| 600 | 0 |
_aIreneo de Lyon, _d140-202 _tContra las herejías. _94175 |
|
| 650 | 1 | 4 |
_aTeología doctrinal _93091 |
| 910 | _ajck | ||
| 942 |
_2ddc _cBK |
||
| 949 |
_a239 O61 _wDEWEY _c1 _i29057 _lCCODEBUL1 _mBUL _r0 _sY _tBOOK _u2015-6-17 _xTEOLOGIA _0COMPRA _o.STAFF. Colección general |
||
| 999 |
_c2177 _d2177 |
||
| 980 |
_81 _gALBERTO SANCHEZ Responsable de Automatización |
||